000 00745nam a2200217Ia 4500
999 _c52924
_d52924
001 19954
003 GE_BSU
005 20200519231541.0
008 181216s||||||||xx |||||||||||||| ||und||
040 _cGE_BSU
041 _ageo
080 _a811.353.1-825=161.1 გ-65
100 _aგოლეთიანი, გ.
_98108
245 _aქართულ-რუსული სასაუბრო /
_cგ. გოლეთიანი.
264 _aთბილისი :
_bთბილ.უნ-ტის გამ-ბა,
_c1981.
300 _a175 გვ. ;
_c20 სმ.
541 _h2 ლ.
653 _aქართული ენა
653 _aქართულ-რუსული სასაუბრო
942 _cBK
_2udc